[Event "ch-NOR Elite"]
[Site "Tonsberg NOR"]
[Date "2008.07.12"]
[Round "8"]
[White "Ostenstad,B"]
[Black "Hansen,TR"]
[Result "1-0"]
[WhiteElo "2483"]
[BlackElo "2382"]

1.d4 Nf6 2.Nf3 e6 3.c4 Bb4+ 4.Nbd2 O-O 5.a3 Bxd2+ 6.Qxd2 b6 7.e3 Ne4 8.Qc2 Bb7
9.Bd3 f5 10.O-O d6 11.Nd2 Nxd2 12.Bxd2 Nd7 13.b4 Qh4 14.f3 c5 15.Bc3 g6 16.dxc5 bxc5
17.Rfd1 Ne5 18.bxc5 Nxf3+ 19.gxf3 Bxf3 20.Rf1 Qg5+ 21.Kf2 Be4 22.Ke2 Qg4+
23.Ke1 dxc5 24.Bxe4 fxe4 25.Bf6 Rf7 26.Qe2 Qh3 27.Rf4 Raf8 28.Be5 Rxf4 29.exf4 e3
30.Rd1 g5 31.Rd7 Rf5 32.Rg7+ Kf8 33.Rxg5 Rxg5 34.fxg5 Qh4+ 35.Bg3 Qe4 36.Qf1+ Kg8
37.Qf4 Qd3 38.Qb8+ Kf7 39.Qf4+ Kg8 40.Qb8+ Kf7 41.Qd6 Qc3+ 42.Ke2 Qxc4+ 43.Kxe3 Qc1+
44.Kf2 Qxg5 45.Qd7+ Kf6 46.Qd8+ Kf5 47.Qd6 Kf6 48.Qf8+ Kg6 49.Qg8+ Kf6 50.Qxg5+ Kxg5
51.Ke3 h5 52.Ke4 h4 53.Bf2  1-0

[Event "ch-SUI"]
[Site "Samnaun SUI"]
[Date "2008.07.14"]
[Round "5"]
[White "Huss,A"]
[Black "Gerber,R"]
[Result "1-0"]
[WhiteElo "2378"]
[BlackElo "2389"]

1.d4 Nf6 2.Nf3 e6 3.c4 Bb4+ 4.Nbd2 b6 5.a3 Bxd2+ 6.Qxd2 Bb7 7.e3 O-O 8.Bd3 Ne4
9.Qc2 f5 10.O-O d6 11.Nd2 Qh4 12.f3 Nxd2 13.Bxd2 Nd7 14.b4 c5 15.Bc3 Rf7
16.a4 Qg5 17.Qe2 e5 18.f4 exd4 19.exd4 Qh4 20.bxc5 bxc5 21.d5 Re7 22.Qc2 g6
23.Rae1 Rae8 24.Rxe7 Qxe7 25.Re1 Qf7 26.Rb1 Ba6 27.Ba1 h5 28.Qc3 Kh7 29.h3 Bc8
30.Kh2 Kh6 31.Re1 Rd8 32.Re6 Nb6 33.Rxd6 Rg8 34.a5 Na4 35.Qf6 Qc7 36.Be5 Qxa5
37.Qg5+ Kh7 38.Rxg6 Rxg6 39.Qxh5+ Rh6 40.Qf7+  1-0

[Event "19th Czech Chladek & Tintera A Open"]
[Site "Pardubice CZE"]
[Date "2008.07.19"]
[Round "2"]
[White "Dziuba,M"]
[Black "Zavgorodniy,S"]
[Result "0-1"]
[WhiteElo "2570"]
[BlackElo "2410"]

1.d4 Nf6 2.c4 e6 3.Nf3 Bb4+ 4.Nbd2 b6 5.a3 Bxd2+ 6.Qxd2 Bb7 7.e3 d6 8.Be2 Nbd7
9.O-O O-O 10.b4 Ne4 11.Qc2 f5 12.Bb2 Qe7 13.Rac1 Kh8 14.d5 e5 15.Ne1 c6 16.f3 Ng5
17.h4 Nf7 18.dxc6 Bxc6 19.b5 Bb7 20.Qxf5 Nc5 21.Qh3 d5 22.cxd5 Bxd5 23.e4 Na4
24.Ba1 Be6 25.Qg3 Rac8 26.Nd3 Bc4 27.Rxc4 Rxc4 28.Nxe5 Nxe5 29.Bxe5 Rcc8
30.Bd6 Qf7 31.Bxf8 Qxf8 32.Re1 Qxa3 33.Bf1 Nc3 34.Kh2 h6 35.e5 Nd5 36.e6 Qe7
37.Bd3 Rf8 38.Re4 Nf6 39.Re5 Ne8 40.Kh3 Rf6 41.Qg4 Nc7 42.Qe4 g6 43.Bc4 Kg7
44.g3 Rf8 45.h5 gxh5 46.Rxh5 Rf6 47.Re5 Ne8 48.Bd3 Kh8 49.f4 Rf8 50.g4 Nf6
51.Qg6 Ng8 52.Rf5 Rxf5 53.Qxf5 Kg7 54.g5 hxg5 55.fxg5 Qe8 56.Kg4 Qe7 57.Be4 Qe8
58.Qh7+ Kf8 59.Bd5 Qe7 60.Qf7+ Qxf7 61.exf7 Ne7 62.Be6  0-1

[Event "19th Czech Chladek & Tintera A Open"]
[Site "Pardubice CZE"]
[Date "2008.07.20"]
[Round "3"]
[White "Chuprov,D"]
[Black "Kulhanek,T"]
[Result "1-0"]
[WhiteElo "2577"]
[BlackElo "2398"]

1.d4 Nf6 2.Nf3 e6 3.c4 Bb4+ 4.Nbd2 O-O 5.g3 d5 6.a3 Be7 7.Bg2 c6 8.O-O b6
9.Qc2 Bb7 10.e4 Nbd7 11.e5 Ne8 12.cxd5 cxd5 13.Re1 Qc7 14.Qa4 a6 15.Bf1 b5
16.Qd1 g6 17.Bd3 Ng7 18.Nb3 Qb6 19.Bg5 Bxg5 20.Nxg5 h6 21.Nf3 Rfc8 22.Qd2 Kh7
23.Qf4 Rf8 24.Rac1 Qd8 25.Nc5 Nxc5 26.Rxc5 Rc8 27.Rec1 Rxc5 28.Rxc5 Qd7 29.Qh4 h5
30.Qf6 Kg8 31.Qf4 Rc8 32.Rxc8+ Qxc8 33.Qh6  1-0

[Event "19th Czech Chladek & Tintera A Open"]
[Site "Pardubice CZE"]
[Date "2008.07.20"]
[Round "3"]
[White "Bykhovsky,An ISR"]
[Black "Samojlov,A"]
[Result "1-0"]
[WhiteElo "2426"]
[BlackElo "2258"]

1.d4 Nf6 2.Nf3 e6 3.c4 Bb4+ 4.Nbd2 d5 5.e3 O-O 6.a3 Be7 7.Bd3 Nbd7 8.b4 a5
9.b5 c5 10.O-O Nb6 11.Bb2 Bd7 12.dxc5 dxc4 13.Nxc4 Nxc4 14.Bxc4 Bxc5 15.Ne5 Qe7
16.Qf3 Be8 17.a4 Kh8 18.Rfd1 Ng8 19.Nd3 Bd6 20.Nf4 Nf6 21.Bd3 e5 22.Nd5 Nxd5
23.Qxd5 Rd8 24.Bf5 Bd7 25.Qxd6 Qxd6 26.Rxd6 Bxf5 27.Rb6 Rd7 28.Bxe5 Rc8 29.Bd4 Kg8
30.f3 f6 31.g4 Bd3 32.Kf2 Kf7 33.h4 h6 34.Kg3 Rc2 35.Rg1 Ra2 36.Kf4 Rh2 37.Kg3 Ra2
38.Rc1 Rc2 39.Rd1 Be2 40.Rg1 Bd3 41.Rh1 Bg6 42.g5 fxg5 43.hxg5 h5 44.Rh4 Bf5
45.g6+ Ke7 46.Rxh5 Bd3 47.Bxg7 Kd8 48.Be5  1-0

[Event "Politiken Cup"]
[Site "Helsingor DEN"]
[Date "2008.07.21"]
[Round "4"]
[White "Arvola,B"]
[Black "Malmdin,N"]
[Result "1/2-1/2"]
[WhiteElo "2105"]
[BlackElo "2274"]

1.d4 Nf6 2.c4 e6 3.Nf3 Bb4+ 4.Nbd2 b6 5.a3 Bxd2+ 6.Qxd2 Bb7 7.e3 d6 8.b3 Nbd7
9.Bb2 Qe7 10.Be2 Ne4 11.Qc2 f5 12.O-O O-O 13.Ne1 Rf7 14.f3 Nef6 15.Nd3 c5
16.Nf2 Raf8 17.Bd3 Nh5 18.Rfe1 Qh4 19.Nh3 Bxf3 20.Nf4 Nxf4 21.exf4 Ba8 22.Rxe6 cxd4
23.g3 Qd8 24.Rxd6 Qe7 25.Rxd4 Nc5 26.Rd1 Nxb3 27.Qxb3 Qe3+ 28.Kf1 Qf3+ 29.Ke1 Qe3+
30.Kf1 Qf3+ 31.Ke1 Qe3+  1/2-1/2

[Event "19th Czech Chladek & Tintera A Open"]
[Site "Pardubice CZE"]
[Date "2008.07.23"]
[Round "6"]
[White "Vedrickas,T"]
[Black "Pozin,S"]
[Result "0-1"]
[WhiteElo "2288"]
[BlackElo "2436"]

1.d4 Nf6 2.c4 e6 3.Nf3 Bb4+ 4.Nbd2 O-O 5.a3 Bxd2+ 6.Bxd2 Ne4 7.Bf4 d6 8.Qc2 f5
9.e3 b6 10.Bd3 Bb7 11.h3 Nd7 12.O-O-O Qe7 13.Bh2 c5 14.Rhe1 b5 15.d5 exd5
16.cxd5 c4 17.Bxe4 fxe4 18.Nd4 Nc5 19.Kb1 Nd3 20.Nxb5 Rxf2 21.Re2 Rxe2 22.Qxe2 Bxd5
23.Nxd6 Rf8 24.Rf1 Rxf1+ 25.Qxf1 g6 26.Qd1 Qf6 27.Qe2 c3  0-1

[Event "19th Czech Chladek & Tintera A Open"]
[Site "Pardubice CZE"]
[Date "2008.07.25"]
[Round "8"]
[White "Neelotpal,D"]
[Black "Zavgorodniy,S"]
[Result "1/2-1/2"]
[WhiteElo "2462"]
[BlackElo "2410"]

1.d4 Nf6 2.Nf3 e6 3.c4 Bb4+ 4.Nbd2 b6 5.a3 Bxd2+ 6.Bxd2 Bb7 7.Bg5 h6 8.Bh4 d6
9.e3 Nbd7 10.Be2 g5 11.Bg3 Ne4 12.Qc2 h5 13.Bd3 f5 14.h3 Qe7 15.O-O-O e5
16.c5 bxc5 17.dxe5 dxe5 18.Qa4 O-O-O 19.Qxa7 Rh6 20.Bb5 f4 21.exf4 exf4 22.Bh2 Nxf2
23.Rhe1 Re6 24.Rxe6 Qxe6 25.Rd2 Ne4 26.Rd1 g4 27.hxg4 hxg4 28.Ne5 Qxe5 29.Ba6 Bxa6
30.Qxa6+ Kb8 31.Qb5+ Ka7 32.Qa5+ Kb7 33.Qb5+ Nb6 34.Rxd8 Qg5 35.Qe8 f3+ 36.Kc2 Qf5
37.Qe5 Qxe5 38.Bxe5 fxg2 39.Bh2 Ng5 40.Rg8 Nf3 41.Rxg4 Nxh2 42.Rxg2 Nf3 43.Rg4 Nd4+
44.Kc3 Nb5+ 45.Kc2 Nd6 46.b3 Nd5 47.Kb2 Kb6 48.Rh4 Kb5 49.Rg4 c4 50.bxc4+ Nxc4+
51.Kb3 Na5+ 52.Kb2 Kb6 53.Rb4+ Ka6  1/2-1/2

[Event "19th Czech Chladek & Tintera A Open"]
[Site "Pardubice CZE"]
[Date "2008.07.25"]
[Round "8"]
[White "Gajewski,G"]
[Black "Gutman,G"]
[Result "1-0"]
[WhiteElo "2575"]
[BlackElo "2497"]

1.d4 Nf6 2.c4 e6 3.Nf3 Bb4+ 4.Nbd2 b6 5.a3 Bxd2+ 6.Qxd2 Bb7 7.e3 d6 8.Be2 Nbd7
9.O-O O-O 10.b4 Ne4 11.Qc2 f5 12.d5 e5 13.Nd2 c6 14.Nxe4 fxe4 15.dxc6 Bxc6
16.Bb2 Qg5 17.Rfd1 Rf6 18.Rd2 Nf8 19.Rad1 Ne6 20.c5 dxc5 21.Bc4 Kh8 22.b5 Bb7
23.Rd7 Rb8 24.Rxb7 Rxb7 25.Qxe4 Re7 26.Bxe5 Qg6 27.Qxg6 Rxg6 28.f4 Rf6 29.Bxf6 gxf6
30.Rd6 Nc7 31.Rxf6 Ne8 32.Re6 Rxe6 33.Bxe6 Nd6 34.a4 Ne4 35.Kf1 Kg7 36.Ke2  1-0

[Event "19th Czech Chladek & Tintera A Open"]
[Site "Pardubice CZE"]
[Date "2008.07.26"]
[Round "9"]
[White "Jorczik,J"]
[Black "Sochacki,W"]
[Result "1-0"]
[WhiteElo "2359"]
[BlackElo "2239"]

1.d4 Nf6 2.c4 e6 3.Nf3 Bb4+ 4.Nbd2 O-O 5.a3 Bxd2+ 6.Bxd2 b6 7.Bg5 Bb7 8.e3 d6
9.Bd3 Nbd7 10.O-O h6 11.Bh4 Rc8 12.b4 Qe8 13.b5 Ne4 14.Nd2 Nxd2 15.Qxd2 a6
16.a4 Ra8 17.Rfc1 Ra7 18.a5 Qa8 19.axb6 cxb6 20.Be7 Rc8 21.Bxd6 Bxg2 22.c5 Qd5
23.cxb6 Nxb6 24.Bc5 Bh1 25.e4  1-0

[Event "Arctic Chess Challenge"]
[Site "Tromso NOR"]
[Date "2008.08.02"]
[Round "1"]
[White "Kunin,V"]
[Black "Walseth,T"]
[Result "1-0"]
[WhiteElo "2532"]
[BlackElo "1988"]

1.d4 Nf6 2.Nf3 e6 3.c4 Bb4+ 4.Nbd2 d5 5.Qa4+ Nc6 6.e3 O-O 7.Be2 Bd7 8.Qc2 Re8
9.O-O Rc8 10.Rd1 Bf8 11.e4 Nb4 12.Qb1 dxe4 13.Nxe4 Nxe4 14.Qxe4 Bc6 15.Qb1 f5
16.Bg5 Be4 17.Qc1 Be7 18.Bxe7 Qxe7 19.Qc3 Rcd8 20.Ne1 c5 21.dxc5 Qxc5 22.a3 Nc6
23.b4 Nd4 24.Bh5 Qe5 25.Rxd4 Rxd4 26.Bxe8 Bxg2 27.Qg3 Qf6 28.Nxg2 Rg4 29.Bf7+ Kxf7
30.Qc7+ Kg6 31.Re1  1-0

[Event "12th HZ Open"]
[Site "Vlissingen NED"]
[Date "2008.08.03"]
[Round "3"]
[White "De Wolf,J"]
[Black "Diamant,A"]
[Result "1/2-1/2"]
[WhiteElo "2145"]
[BlackElo "2393"]

1.d4 Nf6 2.Nf3 e6 3.c4 Bb4+ 4.Nbd2 b6 5.e3 Bb7 6.Bd3 O-O 7.O-O d5 8.a3 Bd6
9.b4 c5 10.bxc5 bxc5 11.cxd5 exd5 12.dxc5 Bxc5 13.Nb3 Bb6 14.Bb2 Nbd7 15.Rb1 Re8
16.Bb5 Ne4 17.Nbd4 Nd6 18.Bc6 Qc7 19.Rc1 Nc4 20.Bxb7 Qxb7 21.Ba1 g6 22.a4 Nc5
23.Nb5 Ne4 24.Qd3 Rad8 25.Na3 Ncd6 26.Nd4 Rc8 27.Qe2 f6 28.Qa2 Qf7 29.Ndb5 Rxc1
30.Rxc1 Nf5 31.a5 Bxa5 32.Nd4 Nfd6 33.Nab5 Bb6 34.Nxd6 Nxd6 35.h3 Nc4 36.Qb3 Bc7
37.Qb5 Be5 38.Nc6 Bc7 39.Rd1 Nd6 40.Qxd5 Qxd5 41.Rxd5 Kf7 42.Rd1 Ra8 43.Bc3 Ke6
44.Bb4 Nb5 45.Ra1 Bb6 46.Ba5 Rc8 47.Bxb6 axb6 48.Nb4 Rc4 49.Nd3 Nc3 50.Ra6 Rc6
51.Ra7 b5 52.Rxh7 Rb6 53.Rh4 Nd5 54.Rd4 Nc3 55.Kf1 g5 56.f4 Na2 57.fxg5 fxg5
58.Nc5+ Ke7 59.Ke2 Rc6 60.Nb3 Rc3 61.Nd2 b4 62.Rg4 Rc5 63.Rc4 Rb5 64.Nb3 Kf6
65.h4 Nc3+ 66.Kf3 Rf5+ 67.Kg4 Nd5 68.Rc6+ Ke5 69.hxg5 Nxe3+ 70.Kh5 Nd5 71.Rc8 Kf4
72.g3+ Kxg3 73.Nd4 Nf4+ 74.Kh6 Rd5 75.Nb3 Rd6+ 76.Kh7 Rd7+ 77.Kh6 Rd3 78.Nc1 Rd6+
79.Kh7 Kg4 80.Rc4 Rd7+ 81.Kh6 Rd6+ 82.Kh7 Kf5 83.Rxb4 Nd5 84.Rb5 Kxg5 85.Ne2 Rd7+
86.Kg8 Kh6 87.Kf8 Nf6 88.Nf4 Rd4 89.Ne6 Re4 90.Kf7  1/2-1/2

[Event "IMB Proclient Cup"]
[Site "Olomouc CZE"]
[Date "2008.08.05"]
[Round "9"]
[White "Tibensky,R"]
[Black "Cernin,R"]
[Result "1/2-1/2"]
[WhiteElo "2416"]
[BlackElo "2277"]

1.d4 Nf6 2.Nf3 e6 3.c4 Bb4+ 4.Nbd2 b6 5.e3 Bb7 6.Bd3 c5 7.O-O O-O 8.a3 Bxd2
9.Nxd2 cxd4 10.exd4 d5 11.Nf3 dxc4 12.Bxc4  1/2-1/2

[Event "Najdorf Memorial Open"]
[Site "Warsaw POL"]
[Date "2008.08.05"]
[Round "4"]
[White "Savchenko,S"]
[Black "Szymanski,M"]
[Result "1/2-1/2"]
[WhiteElo "2557"]
[BlackElo "2412"]

1.d4 e6 2.c4 Nf6 3.Nf3 Bb4+ 4.Nbd2 O-O 5.a3 Be7 6.e4 d5 7.Bd3 c5 8.dxc5 dxe4
9.Nxe4 Nxe4 10.Bxe4 Qxd1+ 11.Kxd1 Bxc5 12.b4 Be7 13.Bb2 Nd7 14.Kc2 Bf6 15.Nd2 Rb8
16.c5 Bxb2 17.Kxb2 Nf6 18.Bf3 Bd7 19.Rhd1 Ba4 20.Nb3 e5 21.Rd6 e4 22.Be2 b6
23.cxb6 axb6 24.Rc1 Rfd8 25.Rcd1 Rxd6 26.Rxd6 Kf8 27.Nd2 Ke7 28.Rd4 Bc6 29.b5 Bd5
30.Nf1 Kd6 31.Ne3 Ke5 32.Ra4 Be6 33.Bc4 Rc8 34.Bxe6 Kxe6 35.Rd4 Rc7 36.a4 Rd7
37.Kc3 Rxd4 38.Kxd4 Nd7 39.Nc4 f5 40.a5 bxa5 41.Nxa5 g5 42.Nc4 h5 43.b6 Nb8
44.b7 Nc6+ 45.Kc5 Nb8 46.h3 h4 47.Kd4 Nc6+ 48.Kc5 Nb8 49.Kd4 Nc6+ 50.Ke3 Kd5
51.Nb6+ Kd6 52.f3 exf3 53.gxf3 Kc7 54.Nd5+ Kxb7 55.Nf6 Nd8 56.f4 Ne6 57.fxg5 Nxg5
58.Kf4  1/2-1/2

[Event "Najdorf Memorial Open"]
[Site "Warsaw POL"]
[Date "2008.08.06"]
[Round "5"]
[White "Czarnecki,W"]
[Black "Paprocki,J"]
[Result "1/2-1/2"]
[WhiteElo "2056"]
[BlackElo "2218"]

1.d4 Nf6 2.c4 e6 3.Nf3 Bb4+ 4.Nbd2 O-O 5.a3 Bxd2+ 6.Qxd2 b6 7.e3 Bb7 8.Bd3 Ne4
9.Qc2 f5 10.O-O d6 11.b4 Nd7 12.Bb2 c5 13.Nd2 Nxd2 14.Qxd2 Qe7 15.f3 e5 16.Be2 Nf6
17.d5 Qc7  1/2-1/2

[Event "Najdorf Memorial Open"]
[Site "Warsaw POL"]
[Date "2008.08.08"]
[Round "7"]
[White "Worek,J"]
[Black "Warakomska,A"]
[Result "1/2-1/2"]
[WhiteElo "2294"]
[BlackElo "2211"]

1.Nf3 Nf6 2.d4 e6 3.c4 Bb4+ 4.Nbd2 O-O 5.a3 Bxd2+ 6.Qxd2 b6 7.g3 Bb7 8.Bg2 d6
9.b4 Nbd7 10.Bb2 Ne4 11.Qc2 f5 12.O-O Qe7 13.d5 exd5 14.Nd4 c5 15.Nxf5 Rxf5
16.cxd5 Bxd5 17.Rad1 Bb7 18.f3 Re8 19.fxe4 Rxf1+ 20.Kxf1 Nf6 21.bxc5 bxc5
22.Bxf6 Qxf6+ 23.Kg1 Qe6 24.Qa4 Rf8 25.Bf3 Kh8 26.Rb1 Ba8 27.Qxa7 Bxe4 28.Rb8 Rg8
29.Rxg8+ Kxg8 30.Qb8+ Kf7 31.Qc7+ Kg8 32.Bxe4 Qxe4 33.Qxd6 Qe3+ 34.Kf1 Qxa3
35.Kf2 Qc3 36.Qd5+ Kf8 37.e4 Ke7 38.Ke2 Qc2+ 39.Ke3 Qc3+ 40.Ke2 Qc2+ 41.Kf3 Qc3+
42.Kg4 Qd4 43.Qg5+ Kd6 44.Qd8+  1/2-1/2

[Event "ch-Euro Seniors"]
[Site "Davos SUI"]
[Date "2008.08.16"]
[Round "8"]
[White "Kock,HU"]
[Black "Gousseinov,A"]
[Result "1-0"]
[WhiteElo "2168"]
[BlackElo "2049"]

1.d4 Nf6 2.c4 e6 3.Nf3 Bb4+ 4.Nbd2 d5 5.e3 O-O 6.Bd3 Nbd7 7.O-O c5 8.a3 Bxd2
9.Bxd2 dxc4 10.Bxc4 Ne4 11.Rc1 Nxd2 12.Qxd2 cxd4 13.Qxd4 Nb6 14.Qf4 Bd7 15.Rfd1 Qf6
16.Ne5 Qxf4 17.exf4 Bc6 18.Nxc6 bxc6 19.Ba6 Nd5 20.Rxc6 Rab8 21.b4 Rb6 22.Rxb6 axb6
23.g3 g6 24.Bb7 Rd8 25.Bxd5 exd5 26.Kf1 Kf8 27.Rc1 Ra8 28.Rc3 Ke7 29.Ke2 Kd6
30.Kd3 f6 31.h3 g5 32.fxg5 fxg5 33.Kd4 Rf8 34.f3 Re8 35.b5 Ra8 36.Rc6+ Kd7
37.Kxd5 Rxa3 38.Ke4 Rb3 39.Rxb6 h5 40.Rh6 Rxb5 41.Rxh5 Ke6 42.Rh6+ Kf7 43.Rd6 Rb4+
44.Rd4 Rb3 45.Rd3 Rb4+ 46.Kf5 Rb5+ 47.Kg4 Kg6 48.Rd6+ Kg7 49.h4 gxh4 50.Kxh4 Rb4+
51.f4 Rb5 52.g4 Ra5 53.f5 Ra7 54.Kg5 Kf7 55.Rd4 Rb7 56.Ra4 Kg7 57.f6+ Kf7
58.Ra5 Kg8 59.Kf5 Rb1 60.Ra8+ Kf7 61.Ra7+ Kg8 62.Kg6 Rb8 63.g5 Rc8 64.Re7 Rd8
65.f7+ Kf8 66.Re8+ Rxe8 67.fxe8=Q+ Kxe8 68.Kh7  1-0

[Event "5th DA Tan Malaysian Open"]
[Site "Kuala Lumpur MAS"]
[Date "2008.08.19"]
[Round "3"]
[White "Gibbons,R"]
[Black "Legaspi,R"]
[Result "1/2-1/2"]
[WhiteElo "2080"]
[BlackElo "2315"]

1.d4 Nf6 2.Nf3 e6 3.c4 Bb4+ 4.Nbd2 b6 5.a3 Bxd2+ 6.Bxd2 Bb7 7.Bg5 h6 8.Bh4 d6
9.e3 Nbd7 10.h3 g5 11.Bg3 Ne4 12.Bh2 h5 13.Nd2 Nxd2 14.Qxd2 Qe7 15.O-O-O O-O-O
16.f3 f5 17.Be2 Rde8 18.Rhe1 g4 19.e4 fxe4 20.fxg4 hxg4 21.Bxg4 Nf6 22.Bf4 Nxg4
23.hxg4 Rhg8 24.g5 e5 25.dxe5 dxe5 26.Be3 Rg6 27.Kb1 Rc6 28.Qe2 Qe6 29.c5 bxc5
30.Rc1 Ba6 31.Qf2 Bd3+ 32.Ka1 c4 33.Bxa7 c3 34.Rxc3 Rxc3 35.bxc3 Qe7 36.Qc5 Qxg5
37.Qc6 Qg8 38.Rh1 Qe6 39.Qxe6+ Rxe6 40.g4 Kd7 41.Be3  1/2-1/2

[Event "X Sants Open"]
[Site "Barcelona ESP"]
[Date "2008.08.22"]
[Round "1"]
[White "Bartel,Mat"]
[Black "Fernandez Gonzalez,J"]
[Result "1-0"]
[WhiteElo "2579"]
[BlackElo "2118"]

1.d4 Nf6 2.c4 e6 3.Nf3 Bb4+ 4.Nbd2 O-O 5.a3 Bxd2+ 6.Bxd2 d6 7.Qc2 Nbd7 8.Bc3 d5
9.e3 Ne4 10.Bd3 Ndf6 11.Bb4 Re8 12.a4 Bd7 13.O-O Bc6 14.Ne5 dxc4 15.Bxc4 Bd5
16.Bb5 c6 17.Bd3 h6 18.f3 Ng5 19.Bc3 c5 20.dxc5 Nd7 21.Nxd7 Qxd7 22.h4 Bb3
23.Qxb3 Qxd3 24.hxg5 Qxe3+ 25.Rf2 hxg5 26.Qxb7 Qxc5 27.Qb4 Rac8 28.Qxc5 Rxc5
29.Rd1 Rc4 30.a5 g4 31.fxg4  1-0

[Event "44th Rubinstein Mem Open A"]
[Site "Polanica Zdroj POL"]
[Date "2008.08.25"]
[Round "7"]
[White "Sieciechowicz,M"]
[Black "Galazewski,T"]
[Result "1/2-1/2"]
[WhiteElo "2311"]
[BlackElo "2210"]

1.d4 Nf6 2.c4 e6 3.Nf3 Bb4+ 4.Nbd2 O-O 5.a3 Bxd2+ 6.Bxd2 b6 7.Bg5 Bb7 8.e3 d6
9.Be2 Nbd7 10.O-O Re8 11.b4 Qe7 12.Qc2 c5 13.Rab1 Rac8 14.Qa4 cxb4 15.axb4 Rc7
16.Ra1 h6 17.Bh4 Rec8 18.b5 g5 19.Bg3 Ne4 20.Qb4 Nxg3 21.hxg3 Bxf3 22.gxf3 Nf6
23.Ra3 e5 24.Bd3 exd4 25.exd4 d5 26.Qxe7 Rxe7 27.cxd5 Nxd5 28.Be4 Nc3 29.Bd3 Ne2+
30.Bxe2 Rxe2 31.Rxa7 Rb2 32.Re1 Rxb5 33.Rd7 Rb3 34.Kg2 Rb2 35.Ree7 Rcc2 36.Rxf7 Rxf2+
37.Kh3 h5 38.Rg7+  1/2-1/2

[Event "16th Nikea Open"]
[Site "Athens GRE"]
[Date "2008.08.26"]
[Round "2"]
[White "Kalogiannidis,I"]
[Black "Nikolova,A"]
[Result "0-1"]
[WhiteElo "1999"]
[BlackElo "2242"]

1.d4 Nf6 2.c4 e6 3.Nf3 Bb4+ 4.Nbd2 O-O 5.a3 Bxd2+ 6.Qxd2 b6 7.g3 Ba6 8.Qc2 Bb7
9.Bg2 Be4 10.Qc3 d5 11.Bg5 dxc4 12.Qxc4 Nc6 13.O-O h6 14.Bxf6 Qxf6 15.Rfd1 Rad8
16.b4 Bxf3 17.exf3 Nxd4 18.Qxc7 Nxf3+ 19.Bxf3 Rxd1+ 20.Rxd1 Qxf3 21.Rd8 Rxd8
22.Qxd8+ Kh7 23.Qc7 Qxa3 24.Qxf7 Qxb4 25.Qxa7 Qb1+ 26.Kg2 Qe4+ 27.Kg1 b5
28.h4 b4 29.Qb6 Qb1+ 30.Kh2 b3 31.h5 Qc2  0-1

[Event "UAE President's Cup"]
[Site "Al Ain UAE"]
[Date "2008.08.28"]
[Round "7"]
[White "Abdulkarim,A"]
[Black "Abdulaziz,A"]
[Result "1-0"]
[WhiteElo "1906"]
[BlackElo "1637"]

1.d4 Nf6 2.c4 e6 3.Nf3 Bb4+ 4.Nbd2 b6 5.e3 Bb7 6.Bd3 O-O 7.O-O Bxd2 8.Nxd2 c5
9.e4 d6 10.d5 Nbd7 11.f4 exd5 12.cxd5 Re8 13.g4 Nf8 14.g5 N6d7 15.Nc4 Qe7
16.Ne3 g6 17.Ng4 f6 18.b3 fxg5 19.Bb2 h5 20.Nh6+ Kh7 21.Nf5  1-0

[Event "ch-POR"]
[Site "Almada POR"]
[Date "2008.08.28"]
[Round "2"]
[White "Fernandes,Ant"]
[Black "Galego,L"]
[Result "1-0"]
[WhiteElo "2408"]
[BlackElo "2506"]

1.d4 Nf6 2.c4 e6 3.Nf3 Bb4+ 4.Nbd2 d5 5.a3 Bxd2+ 6.Bxd2 Ne4 7.Qc2 O-O 8.Bf4 Nc6
9.h4 a5 10.e3 h6 11.Bd3 f5 12.Ne5 Nxe5 13.Bxe5 c6 14.g4 Nd6 15.g5 dxc4 16.Bxc4 Nxc4
17.Qxc4 h5 18.g6 Qd5 19.Qxd5 exd5 20.f4 Ra6 21.Rg1 Re8 22.Rg5 Re6 23.O-O-O Bd7
24.Rdg1 c5 25.dxc5 Be8 26.Bd6 Rf6 27.Rxh5 b6 28.Be5 Rxg6 29.Rxg6 Bxg6 30.Rg5 bxc5
31.h5 Bf7 32.Rxg7+ Kf8 33.Rg5 Rc6 34.h6 Bg8 35.Rxf5+ Ke7 36.Rg5 Kf8 37.Rf5+ Ke7
38.Rg5 Kf8 39.f5 Bh7 40.Kd2 Ke8 41.f6 Re6 42.Bc3 d4 43.f7+ Kxf7 44.Rg7+ Kf8
45.Rxh7 dxc3+ 46.Kxc3 Rxe3+ 47.Kc4 Kg8 48.Ra7 Re2 49.b3 Rc2+ 50.Kd3 Rc1 51.Rxa5 Kh7
52.Ra6 Rd1+ 53.Kc4 Rc1+ 54.Kd5 Rc3 55.Rb6 c4 56.bxc4 Rxa3 57.c5  1-0

[Event "TCh-FIN"]
[Site "Finland FIN"]
[Date "2008.09.07"]
[Round "2"]
[White "Fieandt,J"]
[Black "Rehn,R"]
[Result "1/2-1/2"]
[WhiteElo "2174"]
[BlackElo "2157"]

1.d4 Nf6 2.Nf3 e6 3.c4 Bb4+ 4.Nbd2 Qe7 5.a3 Bxd2+ 6.Bxd2 d6 7.Qc2 e5 8.e3 O-O
9.d5 e4 10.Nd4 c5 11.dxc6 Nxc6 12.Nxc6 bxc6 13.c5 d5 14.Qa4 Bd7 15.Be2 Rfb8
16.Qd4 Bg4 17.f3 exf3 18.gxf3 Bf5 19.Bc3 Re8 20.Kd2 Rad8 21.Rag1 Bg6 22.h4 Ne4+
23.fxe4 dxe4 24.h5 Rxd4+ 25.Bxd4 Bf5 26.Rxg7+ Kf8 27.Bc4 Rd8 28.Rxf7+ Qxf7
29.Bxf7 Kxf7 30.Rg1 Ke6 31.Rg7 Rd7 32.Rxd7 Kxd7 33.Kc3 h6 34.Bg7 Bg4 35.Kd4 Bxh5
36.Kxe4 Bg6+ 37.Ke5 h5 38.Bf6 Bf7 39.b4 a6 40.Bh4 Bb3 41.Kf6 Bc2 42.Bg3 Be4
43.Ke5 Bf3 44.e4 Bg4 45.Kf6 Bh3 46.Kf7 Be6+ 47.Kg6 Bg4 48.Kf6 Bh3  1/2-1/2

[Event "DMP Ekstraliga"]
[Site "Karpacz POL"]
[Date "2008.09.07"]
[Round "2"]
[White "Kempinski,R"]
[Black "Warakomski,T"]
[Result "1-0"]
[WhiteElo "2613"]
[BlackElo "2502"]

1.d4 Nf6 2.Nf3 e6 3.c4 Bb4+ 4.Nbd2 b6 5.a3 Bxd2+ 6.Qxd2 Bb7 7.e3 d6 8.Be2 Nbd7
9.O-O O-O 10.b4 Ne4 11.Qc2 f5 12.d5 exd5 13.Nd4 Qf6 14.cxd5 Bxd5 15.Bb2 Qg5
16.f3 Qxe3+ 17.Kh1 Nef6 18.Nxf5 Qb3 19.Qc1 Bf7 20.Bb5 Ne5 21.Qg5 Bg6 22.Ne7+ Kh8
23.Bxe5 dxe5 24.Nxg6+ hxg6 25.Qxg6 Qd5 26.Bd3 Rad8 27.Bc2 Qc4 28.Rac1 Rd2
29.Bb1 Qf7 30.Qg5 Re2 31.Bg6 Qe7 32.Qh4+ Kg8 33.Qc4+  1-0

[Event "DMP Ekstraliga"]
[Site "Karpacz POL"]
[Date "2008.09.07"]
[Round "2"]
[White "Socko,M"]
[Black "Kozak,Ma"]
[Result "1-0"]
[WhiteElo "2473"]
[BlackElo "2195"]

1.d4 Nf6 2.c4 e6 3.Nf3 Bb4+ 4.Nbd2 O-O 5.a3 Bxd2+ 6.Qxd2 d6 7.Qc2 Nbd7 8.e3 b6
9.Be2 Bb7 10.b4 Ne4 11.O-O f5 12.d5 e5 13.Nd2 Nxd2 14.Bxd2 Qe7 15.f3 Bc8
16.Rac1 a5 17.Bd3 Nf6 18.c5 bxc5 19.bxc5 Nxd5 20.e4 Nf4 21.Bxf4 exf4 22.exf5 Kh8
23.Be4 Rb8 24.Rfd1 Qf6 25.Rd5 a4 26.cxd6 cxd6 27.Qc7 Qb2 28.Rb1 Qxb1+ 29.Bxb1 Rxb1+
30.Kf2 Rb2+ 31.Ke1 Re8+ 32.Kd1 h6 33.f6 gxf6 34.Qc3 Rxg2 35.Qxf6+ Kg8 36.Rxd6 Rg1+
37.Kc2 Rg2+ 38.Rd2 Rxd2+ 39.Kxd2 Be6 40.Qg6+ Kf8 41.Qxh6+ Ke7 42.Qg5+ Kd7
43.Qb5+  1-0

[Event "I Liga Seniorow"]
[Site "Ustron POL"]
[Date "2008.09.08"]
[Round "3"]
[White "Malaniuk,V"]
[Black "Antoniewski,R"]
[Result "1/2-1/2"]
[WhiteElo "2508"]
[BlackElo "2503"]

1.d4 Nf6 2.c4 e6 3.Nf3 Bb4+ 4.Nbd2 b6 5.a3 Bxd2+ 6.Bxd2 Bb7 7.Bg5 d6 8.e3 Nbd7
9.Nd2 h6 10.Bh4 Qe7 11.Be2 g5 12.Bf3 O-O-O 13.Bg3 Bxf3 14.Qxf3 Kb8 15.a4 e5
16.a5 exd4 17.axb6 cxb6 18.O-O Ne5 19.Qf5 dxe3 20.fxe3 Nfg4 21.Ra3 h5 22.c5 bxc5
23.Ne4 Qe6 24.Qxe6 fxe6 25.Nxg5 h4 26.Bxe5 Nxe5 27.Nf7 Nxf7 28.Rxf7 h3 29.Raxa7  1/2-1/2

[Event "IV Geller Memorial"]
[Site "Odessa UKR"]
[Date "2008.09.09"]
[Round "1"]
[White "Molnar,P SVK"]
[Black "Varanitsa,Y"]
[Result "1-0"]
[WhiteElo "2306"]
[BlackElo "1973"]

1.d4 Nf6 2.c4 e6 3.Nf3 Bb4+ 4.Nbd2 b6 5.a3 Bxd2+ 6.Qxd2 Bb7 7.e3 d6 8.Be2 Nbd7
9.O-O O-O 10.b4 Ne4 11.Qc2 f5 12.Bb2 Qe7 13.Nd2 Nxd2 14.Qxd2 Qg5 15.f3 Rad8
16.Rad1 Nf6 17.a4 c5 18.bxc5 dxc5 19.Qc3 cxd4 20.Rxd4 Rxd4 21.Qxd4 Bc6 22.a5 bxa5
23.Qxa7  1-0

[Event "61st ch-RUS HL"]
[Site "Novokuznetsk RUS"]
[Date "2008.09.10"]
[Round "7"]
[White "Korotylev,A"]
[Black "Maletin,P"]
[Result "0-1"]
[WhiteElo "2609"]
[BlackElo "2545"]

1.d4 Nf6 2.c4 e6 3.Nf3 Bb4+ 4.Nbd2 O-O 5.a3 Be7 6.e4 d5 7.Qc2 c5 8.dxc5 dxe4
9.Nxe4 Nxe4 10.Qxe4 Nc6 11.Bf4 f5 12.Qc2 Bf6 13.Bd6 Qa5+ 14.Nd2 Rd8 15.O-O-O b6
16.Nb3 Qa4 17.Be2 Ba6 18.cxb6 axb6 19.Nd4 Qxc2+ 20.Nxc2 Na5 21.Ne3 Nb3+ 22.Kb1 Nd4
23.Bf3 Nxf3 24.gxf3 Bb7 25.Bc7 Rdc8 26.Bxb6 Bxf3 27.c5 Bxh1 28.Rxh1 Bd4 29.Rc1 f4
30.Nd1 Ra6 31.f3 g5 32.Rc2 g4 33.fxg4 f3 34.Nf2 Rxb6 35.cxb6 Rxc2 36.Kxc2 Bxf2
37.b7 Ba7 38.Kd1 e5 39.b4 e4 40.b5 e3 41.b6 Bb8 42.a4 Bxh2 43.a5 e2+  0-1

[Event "3rd PGMA Cup"]
[Site "Manila PHI"]
[Date "2008.09.11"]
[Round "8"]
[White "Mchedlishvili,M"]
[Black "Torre,E"]
[Result "1-0"]
[WhiteElo "2604"]
[BlackElo "2524"]

1.d4 Nf6 2.c4 e6 3.Nf3 Bb4+ 4.Nbd2 O-O 5.a3 Bxd2+ 6.Bxd2 Ne4 7.g3 Nxd2 8.Qxd2 b6
9.Bg2 Bb7 10.O-O Be4 11.Rfd1 c6 12.Rac1 Na6 13.Qf4 f5 14.Bf1 Bxf3 15.Qxf3 Nc7
16.Bg2 b5 17.d5 bxc4 18.dxc6 d5 19.Rxc4 dxc4 20.Rxd8 Rfxd8 21.Qf4 c3 22.bxc3 Rd1+
23.Bf1 Rc8 24.e4 fxe4 25.Kg2 Ne8 26.Qxe4 Rd6 27.Bb5 Nc7 28.Ba4 a6 29.Qb4 Rdd8
30.Bb3 h6 31.a4 Nd5 32.Bxd5 Rxd5 33.Qe7 Rdd8 34.c7 Re8 35.Qd7 Rf8 36.f4 Rce8
37.Kf3 e5 38.f5 e4+ 39.Ke3 h5 40.h3 Kh7 41.f6  1-0

[Event "TCh-SRB 1st League"]
[Site "Subotica SRB"]
[Date "2008.09.11"]
[Round "10"]
[White "Perunovic,Mio"]
[Black "Lajthajm,B"]
[Result "1/2-1/2"]
[WhiteElo "2419"]
[BlackElo "2513"]

1.d4 Nf6 2.Nf3 e6 3.c4 Bb4+ 4.Nbd2 O-O 5.g3 d5 6.Bg2 Nbd7 7.O-O c6 8.Qc2 Re8
9.b3 Bf8 10.Bb2 b6 11.Rad1 Bb7 12.e4 dxe4 13.Nxe4 Qc7 14.Rfe1 Rad8  1/2-1/2